|
|
|
|
| LEADER |
01035nam a2200253 a 4500 |
| 001 |
13213120 |
| 008 |
091011s1997 bg ab bs f000 0 eng d |
| 010 |
|
|
|a 2002291718
|
| 040 |
|
|
|a DLC
|c DLC
|d DLC
|
| 082 |
0 |
0 |
|a 362.1095492
|2 21
|
| 245 |
0 |
0 |
|a Child nutrition survey of Bangladesh 1995-96.
|
| 260 |
|
|
|a Dhaka :
|b Bangladesh Bureau of Statistics,
|c 1997.
|
| 300 |
|
|
|a xiii, 144 p. :
|b col. ill, col. map ;
|c 29 cm.
|
| 504 |
|
|
|a Includes bibliographical references (p. 143-144).
|
| 500 |
|
|
|a Chiefly statistical tables.
|
| 541 |
1 |
|
|e 00006253
|
| 650 |
|
0 |
|a Children
|x Nutrition
|z Bangladesh.
|
| 650 |
|
0 |
|a Malnutrition in children
|z Bangladesh.
|
| 650 |
|
0 |
|a Children
|x Health and hygiene
|z Bangladesh.
|
| 650 |
|
0 |
|a Nutrition surveys
|z Bangladesh.
|
| 710 |
1 |
|
|a Bangladesh.
|b Parisaṃkhyāna Byuro.
|
| 852 |
4 |
|
|a Ayesha Abed Library
|j General shelf
|
| 999 |
|
|
|c 4627
|d 4627
|
| 952 |
|
|
|0 0
|1 0
|2 ddc
|4 0
|6 362_109549200000000_CHI_1997
|7 0
|9 4410
|a BRACUL
|b BRACUL
|c GEN
|d 2009-10-18
|g 350.00
|l 0
|o 362.1095492 CHI
|p 3010006253
|r 2009-10-18
|t 1
|v 700.00
|w 2009-10-18
|y BK
|